000 00319nam a2200133Ia 4500
008 241014s9999||||xx |||||||||||||| ||und||
020 _a978-0-07-163827-2
100 _aMurray,Robrt K
245 0 _aHarper's Illustrated Biocheistry
250 _a28
260 _bMcgraw Hill
_c2009
300 _a651
942 _bION
_cBK
999 _c18465
_d18465